01379 a2200169 45000010006000000050017000060080041000230030015000640400040000790800058001192450099001772640034002763000019003105050831003291000024011607000025011845678020260407155831.0260407a2006 arg spa dAR-UNSa-BCEJYS aAR-UNSa-BCEJYSbspacAR-UNSa-BCEJYS a330.567.28xEconomía y Finanzas de los particulares10aEl juego del DineropPor qué los inversionista lentos pierden ¡ y el dinero rápido gana ! 1aBuenos Aires :bAguilarc2006 a366 p.c24 cm. a1. ¿Cómo puedes convertir 10.000 dólares en diez millones, en diez años? – 2. ¿En qué debería invertir? – 3. Pregunta a un vendedor – 4. Pregunta al dueño de un rancho de ganado y luego a un granjero que produzca lácteos – 5. Pregunta a tu banquero – 6. Pregunta a tu agente de seguro – 7. Pregunta al hombre de los impuestos – 8. Pregunta a un periodista – 9. Pregunta a un apostador – 10. Pregunta a Newton – 11. Pregunta al padre Tiempo – 12. Pregunta a un inversionista – 13. Cuatro razones por las que algunas personas no pueden convertirse en inversionistas con poder – 14. El poder de las inversiones con poder – 15. Apostar en lugar de invertir – 16. Como encontrar excelentes inversiones – 17. Como ser un gran inversionista – 18. Conclusión: ¿ganador o perdedor? 1 aKiyosaki, Robert T.1 aRovine, Maria Andrea